|
|
|
|
| LEADER |
01451nam a2200325 u 4500 |
| 001 |
10025361 |
| 003 |
upatras |
| 005 |
20240520125536.0 |
| 008 |
970217s1955 us eng |
| 020 |
|
|
|a 0691080038
|
| 040 |
|
|
|a GR-PaULI
|c GR-PaULI
|
| 041 |
0 |
|
|a eng
|
| 082 |
0 |
4 |
|a 530.12
|
| 082 |
0 |
4 |
|a 530.15
|
| 100 |
1 |
|
|a Von Neumann, John
|d 1903-1957
|9 8204
|
| 245 |
1 |
0 |
|a Mathematical foundations of quantum mechanics
|c by John Von Neumann; translated from the German edition by Robert T. Beyer
|
| 260 |
|
|
|a Princeton, New Jersey
|b Princeton University Press
|c 1955
|
| 300 |
|
|
|a xii, 445 p.
|c 23 cm.
|
| 490 |
0 |
|
|a Investigations in physics
|v 2
|
| 650 |
|
4 |
|9 13
|a Μαθηματική φυσική
|
| 650 |
|
4 |
|9 7
|a Κβαντική θεωρία πεδίων
|
| 700 |
1 |
|
|a Beyer, Robert T.
|4 trl
|9 139387
|
| 760 |
0 |
|
|a Investigations in physics
|g 2
|
| 852 |
|
|
|a GR-PaULI
|b ΠΑΤΡΑ
|b ΒΚΠ
|b ΒΣ1
|k ΑΣΧΞ
|h 530.12 Ν
|m 33526
|p 025000004698
|t 1
|
| 852 |
|
|
|a GR-PaULI
|b ΠΑΤΡΑ
|b ΦΥΣΙΚΟ
|k ΑΕΧ-1
|h 530.15 NEU
|m 00896
|p 025000021195
|t 2
|
| 942 |
|
|
|2 ddc
|c BK15
|
| 952 |
|
|
|0 0
|1 0
|4 0
|6 530_120000000000000_Ν
|7 0
|9 194950
|a LISP
|b LISP
|c BSC
|d 2016-04-24
|i 33526
|l 0
|o 530.12 Ν
|p 025000004698
|r 2016-04-24 00:00:00
|t 1
|w 2016-04-24
|y BK15
|
| 952 |
|
|
|0 0
|1 0
|4 0
|6 530_150000000000000_NEU
|7 0
|9 194951
|a PHYS
|b PHYS
|d 2016-04-24
|i 00896
|l 0
|o 530.15 NEU
|p 025000021195
|r 2016-04-24 00:00:00
|t 2
|w 2016-04-24
|y BK15
|
| 998 |
|
|
|c ΔΡΑΚΟΠΟΥΛΟΥ
|d 2000-09
|
| 999 |
|
|
|c 119602
|d 119602
|